My Singing Monsters - Plant Island - Statistics

General Stats
  • This quiz has been taken 24 times
  • The average score is 22 of 28
Answer Stats
Elements Answer % Correct
❄️ Mammott
100%
🍃 Potbelly
100%
💧 Toe Jammer
100%
❄️💧🪨🍃 Entbrat
93%
🌙 G'joob
93%
🪨❄️ Drumpler
87%
🪨 Noggin
87%
🪨💧❄️ T-Rox
87%
Wubbox
87%
🌼 Do
80%
🌼 Fa
80%
❄️🍃 Furcorn
80%
🫟 Ghazt
80%
🌼 La
80%
❄️💧 Maw
80%
🌼 Mi
80%
🌼 Re
80%
🌟 Shugabush
80%
🌼 Sol
80%
🌼 Ti
80%
💧🍃 Oaktopus
73%
🪨🍃 Shrubb
73%
🍃💧❄️ Bowgart
67%
🍃🪨❄️ Clamble
67%
🍃🪨💧 Pummel
67%
🎃 Punkleton
60%
🌟 Tawkerr
60%
🌟 Parlsona
53%
No matching quizzes found
Score Distribution
Percent of People with Each Score
Percentile by Number Answered
Your Score History
You have not taken this quiz